000
00313nam a2200133Ia 4500
008
260604s9999 xx 000 0 und d
020
_a
9781032015842
082
_a
158.1 ALT
100
_a
Torin alter
_9
35849
245
0
_a
Philosophy of Mind
260
_b
Routledge
500
_a
Education, Coaching
942
_c
BK
999
_c
8682
_d
8682